[Event "GER-ch U12"]
[Site "Willingen"]
[Date "2023.06.03"]
[Round "9"]
[White "Leonhardt, Max"]
[Black "Tomi, Emilian"]
[Result "1/2-1/2"]
[WhiteElo "1232"]
[BlackElo "1552"]
[PlyCount "146"]
[EventDate "2023.05.27"]
[EventType "swiss"]
[EventRounds "9"]
[EventCountry "GER"]
[SourceTitle "CBM 214 Extra"]
[Source "ChessBase"]
[SourceDate "2023.07.31"]
[SourceVersion "1"]
[SourceVersionDate "2023.07.31"]
[SourceQuality "1"]

1. d4 d5 2. c4 e6 3. Nf3 Nf6 4. Bg5 Nbd7 5. Nc3 Be7 6. e3 c6 7. cxd5 exd5 8. Bd3 Ne4 9. Bxe7 Qxe7 10. Qc2 Nd6 11. 0-0 Nf6 12. Rfe1 Nde4 13. Ne5 Nxc3 14. Qxc3 0-0 15. Rab1 Be6 16. b4 a6 17. a4 Nd7 18. Nxd7 Qxd7 19. b5 cxb5 20. axb5 Rfc8 21. Qd2 axb5 22. Bxb5 Qd6 23. Bd3 Rab8 24. Rec1 Rxc1+ 25. Qxc1 Bd7 26. Qc5 Qxc5 27. dxc5 Kf8 28. Ba6 Bc6 29. Bb5 Bxb5 30. Rxb5 Rc8 31. Kf1 Rc7 32. Ke2 Ke7 33. Kd3 Kd7 34. Kd4 Kc8 35. Kxd5 Rd7+ 36. Ke4 Rd2 37. Kf3 f6 38. Rb6 Rd5 39. c6 bxc6 40. Rxc6+ Kd7 41. Ra6 Ke7 42. Ra7+ Kf8 43. Ra3 Kf7 44. e4 Rd1 45. Kg3 Re1 46. f3 Re2 47. Kh3 g5 48. Ra7+ Kg6 49. g4 h5 50. gxh5+ Kxh5 51. Kg3 Kg6 52. h4 gxh4+ 53. Kxh4 f5 54. Ra6+ Kf7 55. exf5 Rg2 56. Rg6 Rh2+ 57. Kg3 Rh1 58. Kf4 Rf1 59. Rc6 Rd1 60. Rc3 Rd7 61. Kg5 Kg7 62. f6+ Kf7 63. Rc5 Rb7 64. Kf5 Rd7 65. f4 Rb7 66. Re5 Rb4 67. Re7+ Kf8 68. Rc7 Rb8 69. Kg6 Kg8 70. f5 Ra8 71. Rg7+ Kf8 72. f7 Ra6+ 73. f6 Rxf6+ 1/2-1/2

[Event "GER-ch U12"]
[Site "Willingen"]
[Date "2023.05.31"]
[Round "6"]
[White "Lee, Ho In"]
[Black "Leonhardt, Max"]
[Result "1-0"]
[WhiteElo "1492"]
[BlackElo "1232"]
[PlyCount "61"]
[EventDate "2023.05.27"]
[EventType "swiss"]
[EventRounds "9"]
[EventCountry "GER"]
[SourceTitle "CBM 214 Extra"]
[Source "ChessBase"]
[SourceDate "2023.07.31"]
[SourceVersion "1"]
[SourceVersionDate "2023.07.31"]
[SourceQuality "1"]

1. e4 e5 2. Nf3 Nc6 3. Bc4 Bc5 4. c3 Nf6 5. d4 exd4 6. e5 Ng4 7. cxd4 Bb4+ 8. Nc3 d6 9. exd6 cxd6 10. h3 Nf6 11. Bg5 h6 12. Bh4 0-0 13. 0-0 Bf5 14. Nd5 a6 15. a3 Ba5 16. b4 Bc7 17. Nxf6+ gxf6 18. Rc1 d5 19. Ba2 Bf4 20. Rc5 Be6 21. Re1 Bg5 22. Bg3 f5 23. Ne5 Nxe5 24. Bxe5 Be7 25. Rc3 f6 26. Bc7 Qd7 27. Rg3+ Kh7 28. Bf4 Rg8 29. Rge3 Bxb4 30. axb4 Qg7 31. Rg3 1-0

[Event "GER-ch U10"]
[Site "Willingen"]
[Date "2022.06.11"]
[Round "11"]
[White "Junge, Mattheo Gabriel"]
[Black "Leonhardt, Max"]
[Result "1-0"]
[WhiteElo "1132"]
[BlackElo "1114"]
[PlyCount "65"]
[EventDate "2022.06.04"]
[EventType "swiss"]
[EventRounds "11"]
[EventCountry "GER"]
[SourceTitle "CBM 208 Extra"]
[Source "ChessBase"]
[SourceDate "2022.07.31"]
[SourceVersion "1"]
[SourceVersionDate "2022.07.31"]
[SourceQuality "1"]

1. e4 e5 2. Nf3 Nc6 3. Bb5 a6 4. Ba4 Nf6 5. 0-0 b5 6. Bb3 Be7 7. Re1 0-0 8. c3 Bb7 9. d4 exd4 10. cxd4 d6 11. Bc2 Nb4 12. Nbd2 c5 13. d5 Nxc2 14. Qxc2 h6 15. a4 Nh7 16. Nf1 Qd7 17. Ng3 Rfe8 18. Ra3 b4 19. Rae3 a5 20. b3 Ng5 21. Bb2 Nxf3+ 22. Rxf3 Bf8 23. Nf5 g6 24. Ne3 Ba6 25. h3 Bg7 26. Ng4 h5 27. Nf6+ Bxf6 28. Bxf6 Kh7 29. Qc1 Qc8 30. Qg5 Rd8 31. Bxd8 Qxd8 32. Rxf7+ Kh8 33. Qh6+ 1-0

[Event "GER-chT School WK GS"]
[Site "Playchess.com INT"]
[Date "2020.06.18"]
[Round "6.4"]
[White "Reichel, Ruben"]
[Black "Leonhardt, Max"]
[Result "1-0"]
[WhiteElo "1634"]
[BlackElo "1348"]
[PlyCount "93"]
[EventDate "2020.06.11"]
[EventType "team-swiss (blitz)"]
[EventRounds "7"]
[EventCountry "GER"]
[SourceTitle "EXT 2021"]
[Source "ChessBase"]
[SourceDate "2020.10.23"]
[SourceVersion "1"]
[SourceVersionDate "2020.10.23"]
[SourceQuality "1"]
[WhiteTeam "Lichtenhagen MV"]
[BlackTeam "Frankfurt Oder"]
[WhiteTeamCountry "GER"]
[BlackTeamCountry "GER"]

1. e4 e5 2. Bc4 Nf6 3. Qf3 Nc6 4. d3 Bc5 5. Bg5 h6 6. Bxf6 Qxf6 7. Qxf6 gxf6 8. Nf3 d6 9. 0-0 Bg4 10. Nbd2 0-0-0 11. h3 Bxf3 12. Nxf3 Rhg8 13. g3 Rg7 14. Bd5 Rdg8 15. Kh2 Nb4 16. Bb3 Kb8 17. c3 b6 18. cxb4 Bxb4 19. a3 Bc5 20. Rac1 Bd4 21. Rc4 Bxb2 22. a4 Ba3 23. Ra1 Bb2 24. Rb1 Bd4 25. Nh4 Kb7 26. Nf5 Rg6 27. Ne7 Bxf2 28. Nxg6 Rxg6 29. Rb2 Bxg3+ 30. Kh1 Bf2 31. Rxf2 Rg3 32. Rfc2 Rxh3+ 33. Kg2 Rxd3 34. Rxc7+ Kb8 35. Rc8+ Kb7 36. R2c7+ Ka6 37. Bc4+ Ka5 38. Rxa7+ Kb4 39. Bxd3 h5 40. Rc5 h4 41. Rc4+ Kb3 42. Rb7 h3+ 43. Kxh3 f5 44. Rxb6+ Ka3 45. Rc3+ Ka2 46. Bc4+ Ka1 47. Ra3# 1-0